<?xml version="1.0" encoding="UTF-8"?>
<collection xmlns="http://www.loc.gov/MARC21/slim">
 <record>
  <leader>00846nam a22001935a 4500</leader>
  <controlfield tag="001">EUN.um057387</controlfield>
  <controlfield tag="008">041125s1989####ag#a##########000#0#spa#d</controlfield>
  <controlfield tag="005">20170503135742.0</controlfield>
  <datafield tag="245" ind1="0" ind2="0">
   <subfield code="a">Plan integral de abastecimiento de agua a Bahía Blanca y Gran Bahía Blanca :</subfield>
   <subfield code="b">informe preliminar.</subfield>
  </datafield>
  <datafield tag="260" ind1=" " ind2=" ">
   <subfield code="a">Bahía Blanca :</subfield>
   <subfield code="b">Universidad Nacional del Sur,</subfield>
   <subfield code="c">1989.</subfield>
  </datafield>
  <datafield tag="300" ind1=" " ind2=" ">
   <subfield code="a">ca. 202 h., 32 planos :</subfield>
   <subfield code="b">il. ;</subfield>
   <subfield code="c">35 cm.</subfield>
  </datafield>
  <datafield tag="500" ind1=" " ind2=" ">
   <subfield code="a">En la Biblioteca Central de la UNS falta el plano nº 20.</subfield>
  </datafield>
  <datafield tag="505" ind1="0" ind2=" ">
   <subfield code="a">Informe preliminar.-Caracterización de Bahía Blanca -- Crecimiento poblacional -- Crecimiento industrial.</subfield>
  </datafield>
  <datafield tag="082" ind1="0" ind2="4">
   <subfield code="a">628.1</subfield>
  </datafield>
  <datafield tag="082" ind1="0" ind2="4">
   <subfield code="a">338.9821</subfield>
  </datafield>
  <datafield tag="651" ind1=" " ind2="7">
   <subfield code="a">Bahi&amp;#769;a Blanca (Argentina)</subfield>
  </datafield>
  <datafield tag="650" ind1=" " ind2="7">
   <subfield code="a">Abastecimiento de agua.</subfield>
   <subfield code="2">unbist</subfield>
  </datafield>
  <datafield tag="650" ind1=" " ind2="7">
   <subfield code="a">Abastecimiento urbano de agua.</subfield>
   <subfield code="2">unbist</subfield>
  </datafield>
  <datafield tag="859" ind1=" " ind2=" ">
   <subfield code="a">Ar-BaUNS</subfield>
   <subfield code="b">BIB. CENTRAL - Tesoro</subfield>
   <subfield code="h">628.1</subfield>
   <subfield code="i">P692-1</subfield>
   <subfield code="k">F</subfield>
   <subfield code="p">98332/990</subfield>
  </datafield>
 </record>
</collection>
